000 00436nam a22001697a 4500
020 _a978-1-4737-6972-4
082 _a658
100 _aCole, G. A.
245 _aManagement Theory and Practice
250 _a9th
260 _aAustralia:
_bCengage Learning,
_c2020
300 _ax, 692p.: ill.; 26 cm
500 _aTABLE OF CONTENT:
504 _aIncludes Bibliographical Reference and Index
700 _aKelly, Phil
942 _cBK
999 _c22098
_d22098